Project team management and leadership : issues and perspectives (Record no. 191054)

MARC details
000 -LEADER
fixed length control field 00461nam a2200157Ia 4500
005 - DATE AND TIME OF LATEST TRANSACTION
control field 20250403145218.0
008 - FIXED-LENGTH DATA ELEMENTS--GENERAL INFORMATION
fixed length control field 231217s9999 xx 000 0 und d
020 ## - INTERNATIONAL STANDARD BOOK NUMBER
International Standard Book Number 9788131401255
082 ## - DEWEY DECIMAL CLASSIFICATION NUMBER
Classification number 658.404 CHA;1 R
100 ## - MAIN ENTRY--PERSONAL NAME
Personal name Chandra, Sekhar Y ed.
245 #0 - TITLE STATEMENT
Title Project team management and leadership : issues and perspectives
260 ## - PUBLICATION, DISTRIBUTION, ETC. (IMPRINT)
Date of publication, distribution, etc. 2006
Name of publisher, distributor, etc. ICFAI Press
Place of publication, distribution, etc. Hyderabad
300 ## - PHYSICAL DESCRIPTION
Extent ix, 222
650 ## - SUBJECT ADDED ENTRY--TOPICAL TERM
Topical term or geographic name as entry element Project,team,management,leadership
942 ## - ADDED ENTRY ELEMENTS (KOHA)
Koha item type Books
Holdings
Date last seen Total Checkouts Full call number Accession number Old discount Cost, replacement price Price effective from Category Public note Lost status Damaged status Department Withdrawn status bill no. bill date Permanent Location Current Location Shelving location Entry date Vendor Cost, normal purchase price Grants Currency symbol Conversion rate Discount Discount type
26/01/2024   658.404 CHA;1 R 72075   38.00 26/01/2024 Books 72075     Central Library   1993 23/05/2015 Central Library Central Library Central Library 29/12/2025 ICFAI Press 38.00 MBA RS 1   Rupees
26/01/2024   658.404 CHA;2 R1 72076   38.00 26/01/2024 Books 72076     F-Block Annex   1993 31/07/2015 Central Library Central Library F-Block Library Annex 29/12/2025 ICFAI Press 38.00 MBA RS 1   Rupees

© For any Suggestions or Query, please contact the library staff @ librarian@pes.edu or Phone: +9180 2672 1983/ 2108.